00418nam a2200181Ia 4500003000500000008004100005020001800046040001900064082000700083100001500090100002300105245004200128250000600170260002900176300001000205365000900215546001200224STCL221019s9999 xx 000 0 und d a9789384007492 aSTCLcSTCLbEN 222 aAneja, K R arastogi, Veer Bala 0aZubays MCQ principles of biochemistry a5 bMedtechaNew Delhic2021 a675 p b1295 aEnglish